000 00623nam a2200229 4500
003 OSt
005 20260530113907.0
008 260507b1974 |||aeb|| |||| 001 0 spa d
020 _a8425206383
040 _aICI
_bspa
_cICI
050 _aNA7110
_bM6618
100 1 _aMoore, Charles
_932889
245 1 0 _aLa Casa: Forma y Diseño
264 1 _bGustavo Gili Barcelona
_c1974
_aEspaña
300 _a268 páginas
336 _atexto
_2rdacontent
337 _asin medio
_2rdamedia
338 _avolumen
_2rdacarrier
700 _aGerald Alien
_eAutor
_932890
700 _aDonlyn Lyndon
_eAutor
_932891
942 _2lcc
_cBK
_n1
999 _c11980
_d11980